Vista normal
Vista MARC
Entrada Personal Name
Número de registros utilizados en: 1
001 - CONTROL NUMBER
- control field: 60631
003 - CONTROL NUMBER IDENTIFIER
- control field: OSt
005 - DATE AND TIME OF LATEST TRANSACTION
- control field: 20250701164633.0
008 - FIXED-LENGTH DATA ELEMENTS
- fixed length control field: 250701|| aca||aabn | a|a d
040 ## - CATALOGING SOURCE
- Original cataloging agency: OSt
- Transcribing agency: OSt
100 ## - HEADING--PERSONAL NAME
- Personal name: Freixanet, Carmen
670 ## - SOURCE DATA FOUND
- Source citation: Work cat.: (OSt)57421: Torseter, Oyvind, 1972- autor 60627, Agujero